000 00633nam a2200193Ii 4500
003 JO-AjNU
008 230605s9999||||xx |||||||||||||| ||und||
040 _aJO-AjNU
_bara
_erda
_cJO-AjNU
041 _aara
050 1 4 _aPJ7805 1900
100 3 _aتأليف عبدالله، محمد عبد الحليم,
_eauthor
_936389
245 0 0 _aالضفيرة السوداء
264 3 1 _aبيروت:دار القلم،1900
300 _a142ص
336 _atext
_btxt
_2rdacontent
337 _aunmediated
_bn
_2rdamedia
338 _avolume
_bnc
_2rdacarrier
650 4 _aالقصة العربية - الضفيرة السوداء
_936390
999 _aA15115
_c18683
_d18683